Mejores prácticas en el diseño de alimentacion eléctrica con aplicación a sistemas de control invernaderos utilizando energía solar.

Shranjeno v:
Bibliografske podrobnosti
Glavni avtor: Ramírez Gutiérrez, Esteban
Format: Knjiga
Izdano: [San José, Costa Rica] 2008
Teme:
Oznake: Označite
Brez oznak, prvi označite!

MARC

LEADER 00000nam a2200000Ia 4500
003 010345
005 20221231144059.0
008 140114s2008 c a 000 ||s d
040 |c cru CEDI  
090 |a TFG 5667 
100 |a Ramírez Gutiérrez, Esteban   |9 2931 
245 |a Mejores prácticas en el diseño de alimentacion eléctrica con aplicación a sistemas de control invernaderos utilizando energía solar. 
260 |c 2008  |b  [San José, Costa Rica] 
300 |a x, 68 hojas; ilustraciones  
500 |a Proyecto de graduación (bachillerato en ingeniería eléctrica)--Universidad de Costa Rica. Facultad de Ingeniería. Escuela de Ingeniería Eléctrica "IE - 0502 Proyecto Eléctrico" 
650 |x INVERNADEROS  |x ELECTRICA  |x ENERGIA SOLAR  |x ALIMENTACION  |x SISTEMAS  |9 4308 
942 |c TFG 
999 |c 16592  |d 16592